书目信息 |
| 题名: |
衣食住行小窍门
|
|
| 作者: | 徐福兴 编著 | |
| 分册: | ||
| 出版信息: | 北京 世界图书出版公司 1996.03 |
|
| 页数: | 142页 | |
| 开本: | 32开 | |
| 丛书名: | ||
| 单 册: | ||
| 中图分类: | Z429 | |
| 科图分类: | ||
| 主题词: | 文集--中国 , 全集--中国 , 选集--中国 | |
| 电子资源: | ||
| ISBN: | 7-5062-2084-9 | |
| 000 | 00616nam0 2200217 45 | |
| 001 | 9912291657 | |
| 005 | 19991229161715.6 | |
| 010 | @a7-5062-2084-9@d5.80元 | |
| 100 | @a19991229d1996 km y0chiy0120 ea | |
| 101 | @achi | |
| 105 | @a z 000yy | |
| 200 | 1 | @a衣食住行小窍门@AYi Shi Zhu Xing Xiao Qiao Men@f徐福兴,戈安编著@FXu Fu Xing,Ge An Bian Zhu |
| 210 | @a北京@c世界图书出版公司@d1996.03 | |
| 215 | @a142页@d32开 | |
| 606 | 0 | @a文集@x中国 |
| 606 | 0 | @a全集@x中国 |
| 606 | 0 | @a选集@x中国 |
| 690 | @aZ429@v3 | |
| 701 | @a徐福兴@4编著 | |
| 801 | @aCN@bPftUser@c19991229 | |
| 905 | @f2@b48226-227@dZ429@eX886 | |
| 衣食住行小窍门/徐福兴,戈安编著.-北京:世界图书出版公司,1996.03 |
| 142页;32开 |
| ISBN 7-5062-2084-9:5.80元 |
| ● |
| 相关链接 |
|
|
|
正题名:衣食住行小窍门
索取号:Z429/X886
 
预约/预借
| 序号 | 登录号 | 条形码 | 馆藏地/架位号 | 状态 | 备注 |
| 1 | 48226 | 200482263 | 自科库501/ [索取号:Z429/X886] | 在馆 | |
| 2 | 48227 | 200482272 | 自科库501/ [索取号:Z429/X886] | 在馆 |